<The> effectiveness of public expenditure in Portugal

Guardado en:
Detalles Bibliográficos
Autor principal: Bronchi, Chiara
Formato: Libro
Lenguaje:inglés
Publicado: Paris OECD 2003
Colección:Economics department working papers No. 349
Materias:
Etiquetas: Agregar Etiqueta
Sin Etiquetas, Sea el primero en etiquetar este registro!

MARC

LEADER 00000nam a2200000 4500
001 0024776
005 20240223110114.2
041 0 |a eng 
044 |a FR 
245 1 0 |a <The> effectiveness of public expenditure in Portugal  |c by Chiara Bronchi 
264 1 |a Paris  |b OECD  |c 2003 
300 |a 46 s. 
490 1 |a Economics department working papers  |v No. 349 
830 0 |a Economics department working papers  |v No. 349 
610 2 0 |a efektívnosť 
610 2 0 |a výdavky verejné 
610 2 0 |a Portugalsko 
610 2 0 |a rozpočet štátny 
100 1 |a Bronchi, Chiara